Paesi più Grandi dell'Algeria - Statistics

Statistiche generali
  • Questo quiz è stato fatto 70 volte
  • Il punteggio medio è 8 su 9
Statistiche sulle risposte
Superficie Paese % Corretto
9,984,670 Canada
100%
9,596,691 Cina
100%
17,098,242 Russia
98%
9,826,675 Stati Uniti
98%
7,741,220 Australia
97%
8,514,877 Brasile
97%
3,287,263 India
92%
2,780,400 Argentina
87%
2,724,900 Kazakistan
78%
Nessun quiz corrispondente trovato
Distribuzione punteggi
Percentuale di utenti per punteggio
Percentile per numero di risposta
I tuoi punteggi nel tempo
Non hai fatto questo quiz